000 00536nam a2200193Ia 4500
005 20250923144238.0
008 008 250917s9999 xx 000 0 eng d
037 _aTextual
040 _aDSWL
_beng
_cDSWL
041 _aeng
_2eng
084 _aV73:1:N3, G8
_qDSWL
100 _aFaulkner, H.L.W
_9822782
245 0 _aAmerican its history and people
_cby H.L.W Faulkner
260 _aNew York
_c1938
300 _a866 p.
700 _aT Kepner
_9822783
942 _cTEXL
_hV73:1:N3, G8
999 _c1436525
_d1436525